| Tag |
First Indicator |
Second Indicator |
Subfields |
| LEADER |
00000cam a22000001a 4500 |
| 001 |
in00003359621 |
| 006 |
m d f |
| 007 |
cr bn mmmapmmp |
| 008 |
100715s1994 dcu o f000 0 eng d |
| 005 |
20260430164119.7 |
| 035 |
|
|
|a cis2007887357
|
| 040 |
|
|
|a ProQuest
|c ProQuest
|d UtOrBLW
|
| 043 |
|
|
|a n-us---
|
| 099 |
|
|
|a CRS-1994-ECN-0130
|
| 110 |
2 |
|
|a Library of Congress.
|b Congressional Research Service.
|
| 245 |
1 |
0 |
|a Natural Hazard Risk and Insurance :
|b The Policy Issues.
|
| 264 |
|
1 |
|a [Place of publication not identified] :
|b [publisher not identified],
|c 1994.
|
| 300 |
|
|
|a 1 online resource.
|
| 336 |
|
|
|a text
|b txt
|2 rdacontent
|
| 337 |
|
|
|a computer
|b c
|2 rdamedia
|
| 338 |
|
|
|a online resource
|b cr
|2 rdacarrier
|
| 500 |
|
|
|a Record is based on bibliographic data in ProQuest U.S. Congressional Research Digital Collection (last viewed July 2010). Reuse except for individual research requires license from ProQuest, LLC.
|
| 500 |
|
|
|a CRS Report.
|
| 520 |
|
|
|a Discusses rationales and proposals for enacting a Federal natural disaster insurance program. Also covers variability of geographic risk and the private insurance industry's exposure.
|
| 500 |
|
|
|a Electronic resource.
|
| 650 |
|
0 |
|a Disaster insurance.
|
| 650 |
|
0 |
|a Risk assessment.
|
| 655 |
|
7 |
|a Electronic books.
|2 local
|
| 710 |
2 |
|
|a ProQuest (Firm)
|
| 776 |
0 |
8 |
|i Microfiche version:
|a Library of Congress.
|b Congressional Research Service.
|t Natural Hazard Risk and Insurance
|
| 830 |
|
0 |
|a U.S. Congressional Research.
|
| 856 |
4 |
0 |
|u http://proxy.library.tamu.edu/login?url=https://congressional.proquest.com/congcomp/getdoc?CRDC-ID=CRS-1994-ECN-0130
|z Connect to the full text of this electronic book
|t 0
|
| 999 |
|
|
|a MARS
|
| 999 |
f |
f |
|s 601b1f26-252c-3002-8130-837f17035aa9
|i 8d558781-d5c5-348a-8614-e826cf2ec57b
|t 0
|
| 952 |
f |
f |
|a Texas A&M University
|b College Station
|c Electronic Resources
|s www_evans
|d Available Online
|t 0
|e CRS-1994-ECN-0130
|h Other scheme
|
| 998 |
f |
f |
|a CRS-1994-ECN-0130
|t 0
|l Available Online
|